00886nam a22002297a 450000500170000001000130001702000220003003500130005203700160006504000120008108200130009324501590010626000530026527000580031830000210037665000190039765000360041670000250045294200220047799900190049995201380051820170124110211.0 aA-644670 c00.00a8121505745 aA-644670 bCen Lib/Ret aDPLbEN a250bBUD aBuddhist texts through the ages :cedited by Edward ConzebNewly translated from the original Pali, Sanskrit, Chinese, Tibetan, Japanese, and Apabhramsa / aNew DelhibMunshiram Manoharlal Publishersc1992 aPost Box 5715, 54 Rani Jhansi RoadbNew Delhie110055 a322p. c22cm(Hb) aBuddhism91068 aBuddhism -- Sacred books938094 aConze, Edward935392 2ddccENh250mBUD c133495d133495 00104070aLbLd2015-07-27eCen Lib/Ret g0.00l3m2o250 BUDpA-644670r2022-10-28 00:00:00s2022-09-15t1v0.00w2015-07-27yEN